000 00310nam a2200133Ia 4500
008 150201s2008 xx 000 0 und d
082 _a616.01
_bP08B
100 _aHAVEJA,CP
245 _aPRACTICAL MICROBIOLOGY
250 _a2ND
260 _bARYA PUB.
_aDELHI
_c2008
650 _aMICROBIOLOGY
942 _2ddc
_cBK
999 _c930
_d930